Normal view
MARC view
- ROBOTICS MECHATRONICS
Entry Topical Term
001 - CONTROL NUMBER
- control field: 77692
003 - CONTROL NUMBER IDENTIFIER
- control field: NUST
005 - DATE AND TIME OF LATEST TRANSACTION
- control field: 20210628205949.0
008 - FIXED-LENGTH DATA ELEMENTS
- fixed length control field: 210628|| aca||aabn | a|a d
040 ## - CATALOGING SOURCE
- Original cataloging agency: NUST
- Transcribing agency: NUST
150 ## - HEADING--TOPICAL TERM
- Topical term or geographic name entry element: ROBOTICS MECHATRONICS
670 ## - SOURCE DATA FOUND
- Source citation: Work cat.: (NUST): Stadler, Wolfram 77691, Analytical robotics and mechatronics, 1995
